000
00328nam a2200133Ia 4500
005
20251222155154.0
008
251222s9999||||xx |||||||||||||| ||spa||
082
_a
MEQ.223
100
_a
E. De Teresa.
245
0
_a
Programa Andreu de actualizac. Insuficiencia cardiaca
250
_a
1ra. ed.
264
_b
Ergon
942
_c
LIB
999
_c
39692
_d
39692